Políticas de incentivos docentes en Bogotá 1996-2013 /
Wedi'i Gadw mewn:
| Prif Awdur: | |
|---|---|
| Awduron Eraill: | |
| Fformat: | Llyfr |
| Iaith: | Spanish |
| Cyhoeddwyd: |
Bogotá, Colombia:
IDEP,
2015
|
| Cyfres: | Serie Investigación IDEP,
14 |
| Pynciau: | |
| Tagiau: |
Ychwanegu Tag
Dim Tagiau, Byddwch y cyntaf i dagio'r cofnod hwn!
|
MARC
| LEADER | 00000nam a2200000 4500 | ||
|---|---|---|---|
| 008 | 160127b2015 c a|||| |||| 00| | spa d | ||
| 020 | |a 9789588780320 | ||
| 090 | |a 06.01.01 |b 2284 | ||
| 100 | 1 | |9 1351 |a Jaimes Carvajal, Gladys | |
| 245 | 1 | 0 | |a Políticas de incentivos docentes en Bogotá 1996-2013 / |c Gladys Jaimes Carvajal, María Elvira Rodríguez Luna |
| 260 | |a Bogotá, Colombia: |b IDEP, |c 2015 | ||
| 300 | |a 214 páginas; |b ilustraciones | ||
| 490 | |a Serie Investigación IDEP, |v 14 | ||
| 650 | 1 | 4 | |9 326 |a INVESTIGACIÓN EDUCATIVA |
| 650 | 1 | 4 | |9 958 |a POLÍTICA GUBERNAMENTAL |
| 650 | 1 | 4 | |9 7 |a REFORMA DE LA EDUCACIÓN |
| 650 | 1 | 4 | |9 1352 |a INCENTIVOS |
| 651 | 4 | |9 1349 |a COLOMBIA | |
| 700 | 1 | |9 1353 |a Rodríguez Luna, María Elvira | |
| 942 | |i 004071 |h 06.01.01 2284 |2 z |c 01 | ||
| 999 | |c 3044 |d 3044 | ||



